| 000 | 00896nam a2200241 a 4500 | ||
|---|---|---|---|
| 001 | 51348 | ||
| 003 | BD-RjUL | ||
| 005 | 20211209075639.0 | ||
| 008 | 160830s1962 be b 100 0 fre d | ||
| 035 | _a(BD-RjUL)51468 | ||
| 040 |
_aBD-RjUL _beng _cBD-RjUL _dBD-RjUL |
||
| 041 | _aeng | ||
| 082 |
_223 _a513.7 _bDEU 1962 |
||
| 111 | 2 |
_aColloque de Géométrie différentielle _d(1961 : _cLiège) _9153581 |
|
| 245 | 1 | 0 |
_aDeuxième colloque de géometrie differentielle : _btenu à Liège les 19, 20 et 21 Décembre 1961 / _cCentre Belge de Recherches Mathématiques |
| 260 |
_aLouvain : _bLibrairie universitaire ; _aParis : _bGauthier-Villars, _c1962 |
||
| 300 |
_a159 p. ; _c25 cm. |
||
| 650 | 0 |
_aGeometry, Differential _vCongresses _9151570 |
|
| 650 | 0 |
_aSphere _xCongresses _9151571 |
|
| 710 | 2 |
_aCentre Belge de Recherches Mathématiques. _9153582 |
|
| 942 |
_2ddc _cBK |
||
| 999 |
_c51348 _d51348 |
||